Welcome to CU Library Online Public Access Catalogue (OPAC)

Diabetes and vascular disease / (Record no. 3691)

MARC details
000 -LEADER
fixed length control field 00705pam a2200217 a 4500
001 - CONTROL NUMBER
control field 2925227
005 - DATE AND TIME OF LATEST TRANSACTION
control field 20250208160954.0
008 - FIXED-LENGTH DATA ELEMENTS--GENERAL INFORMATION
fixed length control field 890418s1990 paua b 001 0 eng c
020 ## - INTERNATIONAL STANDARD BOOK NUMBER
International Standard Book Number 9780397509850
050 00 - LIBRARY OF CONGRESS CALL NUMBER
Classification number RC700.D5
Item number D53 1990
082 00 - DEWEY DECIMAL CLASSIFICATION NUMBER
Classification number 616.4/62
Edition information 20
245 00 - TITLE STATEMENT
Title Diabetes and vascular disease /
Statement of responsibility, etc. edited by Morris D. Kerstein ; with 22 contributors.
260 ## - PUBLICATION, DISTRIBUTION, ETC.
Place of publication, distribution, etc. Philadelphia :
Name of publisher, distributor, etc. J. B. Lippincott,
Date of publication, distribution, etc. c1990.
300 ## - PHYSICAL DESCRIPTION
Extent xxi, 293 p. :
Other physical details ill. ;
Dimensions 24 cm.
650 #0 - SUBJECT ADDED ENTRY--TOPICAL TERM
Topical term or geographic name entry element Diabetic angiopathies.
650 #2 - SUBJECT ADDED ENTRY--TOPICAL TERM
Topical term or geographic name entry element Diabetes Mellitus
General subdivision complications.
650 #2 - SUBJECT ADDED ENTRY--TOPICAL TERM
Topical term or geographic name entry element Diabetes Mellitus
General subdivision therapy.
650 #2 - SUBJECT ADDED ENTRY--TOPICAL TERM
Topical term or geographic name entry element Diabetic Angiopathies
General subdivision complications.
700 1# - ADDED ENTRY--PERSONAL NAME
Personal name Kerstein, Morris D.
942 ## - ADDED ENTRY ELEMENTS (KOHA)
Source of classification or shelving scheme Library of Congress Classification
Koha item type Books
Suppress in OPAC No
999 ## -
-- 3691
-- 3691
Holdings
Withdrawn status Lost status Source of classification or shelving scheme Damaged status Not for loan Collection Home library Current library Shelving location Date acquired Total checkouts Full call number Barcode Date last seen Copy number Price effective from Koha item type
    Library of Congress Classification     Non-fiction Science Library (Miotso) Science Library (Miotso) General stacks 02/08/2025   RC700 .D5D53 DIA SLM00003248 02/08/2025 1 02/08/2025 Books
    Library of Congress Classification     Non-fiction Science Library (Miotso) Science Library (Miotso) General stacks 02/08/2025   RC700 .D5D53 DIA SLM00003249 02/08/2025 2 02/08/2025 Books
    Library of Congress Classification     Non-fiction Science Library (Miotso) Science Library (Miotso) General stacks 02/08/2025   RC700 .D5D53 DIA SLM00003250 02/08/2025 3 02/08/2025 Books
    Library of Congress Classification     Non-fiction Science Library (Miotso) Science Library (Miotso) General stacks 02/08/2025   RC700 .D5D53 DIA SLM00003251 02/08/2025 4 02/08/2025 Books
    Library of Congress Classification     Non-fiction Science Library (Miotso) Science Library (Miotso) General stacks 02/08/2025   RC700 .D5D53 DIA SLM00003252 02/08/2025 5 02/08/2025 Books
    Library of Congress Classification     Non-fiction Science Library (Miotso) Science Library (Miotso) General stacks 02/08/2025   RC700 .D5D53 DIA SLM00003253 02/08/2025 6 02/08/2025 Books
    Library of Congress Classification     Non-fiction Science Library (Miotso) Science Library (Miotso) General stacks 02/08/2025   RC700 .D5D53 DIA SLM00003254 02/08/2025 7 02/08/2025 Books
© 2023-2024 Copyright: Central University Libraries. All Rights Reserved | Created by: Mahone Tech Office